000 00306nam a2200121Ia 4500
008 191206s9999 xx 000 0 und d
090 _aPR83.D29
245 0 _acritical history of English literature
250 _a2d ed.
260 _aRonald Press Co.
260 _cc[1970]
300 _a2 v. (1178 p.) 24 cm.
999 _c15754
_d15754